LEADER 00845nam0 2200277 450 001 000017918 005 20081021131029.0 010 $a88-7075-065-5 100 $a20081021d1981----km-y0itay50------ba 101 0 $aita 102 $aIT 105 $ay-------001yy 200 1 $aCosa leggere sul Terzo mondo$fGian Carlo Costadoni 210 $aMilano$cBibliografica$dc1981 215 $a159 p.$d17 cm 225 2 $aCosa leggere$v25 410 0$12001$aCosa leggere 500 10$aCosa leggere sul Terzo mondo$934851 610 1 $aPaesi in via di sviluppo$aBibliografie 676 $a016$v19$9Bibliografie speciali 700 1$aCostadoni,$bGian Carlo$0408719 801 0$aIT$bUNIPARTHENOPE$c20081021$gRICA$2UNIMARC 912 $a000017918 951 $a016/104$b24022$cNAVA1 996 $aCosa leggere sul Terzo mondo$934851 997 $aUNIPARTHENOPE LEADER 02162nam 2200481z- 450 001 9910557223503321 005 20211118 035 $a(CKB)5400000000041709 035 $a(oapen)https://directory.doabooks.org/handle/20.500.12854/73167 035 $a(oapen)doab73167 035 $a(EXLCZ)995400000000041709 100 $a20202111d2019 |y 0 101 0 $aeng 135 $aurmn|---annan 181 $ctxt$2rdacontent 182 $cc$2rdamedia 183 $acr$2rdacarrier 200 00$aThe Warburg Effect Regulation Under Siege: The Intertwined Pathways in Health and Disease 210 $cFrontiers Media SA$d2019 215 $a1 online resource (128 p.) 311 08$a2-88963-001-3 330 $aThis eBook is a collection of articles from a Frontiers Research Topic. Frontiers Research Topics are very popular trademarks of the Frontiers Journals Series: they are collections of at least ten articles, all centered on a particular subject. With their unique mix of varied contributions from Original Research to Review Articles, Frontiers Research Topics unify the most influential researchers, the latest key findings and historical advances in a hot research area! Find out more on how to host your own Frontiers Research Topic or contribute to one as an author by contacting the Frontiers Editorial Office: frontiersin.org/about/contact 517 $aWarburg Effect Regulation Under Siege 606 $aBiology, life sciences$2bicssc 606 $aScience: general issues$2bicssc 610 $aaerobic glycolysis 610 $aAngiogenesis 610 $aAtherosclerosis 610 $aCancer 610 $aCellular metabolism 610 $aImmunity 610 $aInflammation 610 $aWarburg effect 615 7$aBiology, life sciences 615 7$aScience: general issues 700 $aBubici$b Concetta$4edt$01317942 702 $aPapa$b Salvatore$4edt 702 $aBubici$b Concetta$4oth 702 $aPapa$b Salvatore$4oth 906 $aBOOK 912 $a9910557223503321 996 $aThe Warburg Effect Regulation Under Siege: The Intertwined Pathways in Health and Disease$93033117 997 $aUNINA